| LEADER |
01014nam0a2200229 450 |
| 001 |
16864331 |
| 010 |
|
|
|a 978-2-8112-3000-5Â
|b br.Â
|d 19,5 €Â
|
| 100 |
|
|
|a 20190320d2019 u u0frey01 baÂ
|
| 101 |
1 |
|
|a freÂ
|c freÂ
|
| 102 |
|
|
|a FRÂ
|
| 200 |
0 |
|
|a Fiancées du Pacifique (Les)Â
|f Jojo MoyesÂ
|g traduit de l'anglais (Grande-Bretagne) par Alice SeelowÂ
|
| 207 |
|
1 |
|a Â
|
| 210 |
|
|
|a ParisÂ
|c MiladyÂ
|d 2019Â
|
| 215 |
|
|
|a 1 vol. (694 p.)Â
|d 22 x 15 cmÂ
|
| 225 |
1 |
|
|a Feel good booksÂ
|
| 330 |
|
|
|a Inspiré de la vie de la grand-mère de l'auteure, ce roman raconte le périple de 655 jeunes Australiennes qui, le 2 juillet 1946, embarquent sur le porte-avions Le Victoria pour retrouver leurs époux britanniques. Durant leur voyage de six semaines, elles sont escortées par 1.100 hommes et 19 avions.Â
|
| 608 |
|
|
|a Roman anglaisÂ
|
| 700 |
|
0 |
|a MoyesÂ
|b JojoÂ
|4Â 70Â
|
| 702 |
|
0 |
|a SeelowÂ
|b AliceÂ
|4Â 730Â
|
| 900 |
|
|
|a RomanÂ
|
| 901 |
|
|
|a AdultesÂ
|
| 995 |
|
|
|a MédiathèqueÂ
|c MédiathèqueÂ
|f 00156012295549Â
|h 00156012295549Â
|k R MOYÂ
|o pÂ
|q aÂ
|r azÂ
|e MédiathèqueÂ
|